| 000 | 00590nam a2200181 i 4500 | ||
|---|---|---|---|
| 001 | 22624 | ||
| 003 | ES-MaACL | ||
| 005 | 20230906152729.0 | ||
| 007 | t| | ||
| 008 | 021203s1972 sp ||||1| spa d | ||
| 100 | 1 |
_aAlonso Núñez, Antonio. _920371 |
|
| 245 | 1 | 3 |
_aLa Iglesia, pueblo de Dios / _cAntonio Alonso Núñez, Francisco Millet Escrivá, Juan Piris Frígola. |
| 260 |
_aValencia : _bE. López Mezquida, _c[1972] |
||
| 300 |
_a184 p. ; _c21 cm. |
||
| 700 | 1 |
_aMillet Escrivá, Francisco. _981248 |
|
| 700 | 1 |
_aPiris Frígola, Juan. _992347 |
|
| 852 |
_aES-MaACL _jC-47337 _bR.82319 |
||
| 999 |
_c22624 _d22624 |
||